El oro solar y otras fuentes de energía (Record no. 106964)

MARC details
000 -LEADER
fixed length control field 00682cam a2200217 4500
005 - DATE AND TIME OF LATEST TRANSACTION
control field 20230125130521.0
008 - FIXED-LENGTH DATA ELEMENTS--GENERAL INFORMATION
fixed length control field 230125b mx ||||| |||| 00| 0 spa d
020 ## - INTERNATIONAL STANDARD BOOK NUMBER
International Standard Book Number 9681642864
050 04 - LIBRARY OF CONGRESS CALL NUMBER
Classification number TJ163
Item number T66 1993
050 04 - LIBRARY OF CONGRESS CALL NUMBER
Classification number TJ808
Item number T66 1993
100 1# - MAIN ENTRY--PERSONAL NAME
Personal name Tonda, Juan
245 13 - TITLE STATEMENT
Title El oro solar y otras fuentes de energía
Statement of responsibility, etc / Juan Tonda.
250 ## - EDITION STATEMENT
Edition statement 1a ed.
260 ## - PUBLICATION, DISTRIBUTION, ETC. (IMPRINT)
Place of publication, distribution, etc México :
Name of publisher, distributor, etc Fondo de Cultura Económica,
Date of publication, distribution, etc 1993
300 ## - PHYSICAL DESCRIPTION
Extent 150 p. :
Other physical details il. ;
Dimensions 21 cm.
440 #3 - SERIES STATEMENT/ADDED ENTRY--TITLE
Title La Ciencia desde México ; 119
490 0# - SERIES STATEMENT
Series statement La Ciencia desde México ;
Volume number/sequential designation 119
504 ## - BIBLIOGRAPHY, ETC. NOTE
Bibliography, etc Incluye bibliografía y glosario
650 #7 - SUBJECT ADDED ENTRY--TOPICAL TERM
Source of heading or term lemb
Topical term or geographic name as entry element Recursos energéticos renovables
942 ## - ADDED ENTRY ELEMENTS (KOHA)
Source of classification or shelving scheme Biblioteca del Cogreso de los Estados Unidos
Koha item type Libro
Holdings
Estado de pérdida Fuente de clasificación Estado del daño No para préstamo Ubicación permanente Ubicación actual Apartado o colección Fecha de adquisición Edición Área del conocimiento Clasificación Código de Barras Date last seen Número de copia Tipo de recurso Total Checkouts Costo por reposición
  Biblioteca del Cogreso de los Estados Unidos     Biblioteca de la Facultad de Filosofía Biblioteca de la Facultad de Filosofía General 13/05/2016 3a ed. Educación y Humanidades TJ163 T66 2003 BFF000016625 13/05/2016 C:1 Libro    
  Biblioteca del Cogreso de los Estados Unidos     Biblioteca de la Unidad de Ciencias Ingeniería y Humanidades Biblioteca de la Unidad de Ciencias Ingeniería y Humanidades General 25/01/2023 1a ed. Ingeniería y Tecnología TJ808 T66 1993 BCU000021529 25/01/2023 1 Libro   1.00
  Biblioteca del Cogreso de los Estados Unidos     Biblioteca de la Unidad de Ciencias Ingeniería y Humanidades Biblioteca de la Unidad de Ciencias Ingeniería y Humanidades General 26/01/2023 1a ed. Ingeniería y Tecnología TJ808 T66 1993 BCU000021535 26/01/2023 2 Libro   1.00